The life of Michelangelo Buonarroti

Zapisane w:
Opis bibliograficzny
1. autor: Addington Symonds, John
Format: Książka
Język:Undetermined
Wydane: New York, Estados Unidos The Modern library [s.f.]
Hasła przedmiotowe:
Etykiety: Dodaj etykietę
Nie ma etykietki, Dołącz pierwszą etykiete!

MARC

LEADER 00000nam a2200000Ia 4500
008 170316s9999 xx 000 0 und d
999 |c 8092  |d 8092 
040 |a cru BVZT 
090 |a 850 A-2L 
100 |a Addington Symonds, John 
245 4 |a The life of Michelangelo Buonarroti  |c / John Addington Symonds 
260 |a New York, Estados Unidos  |b The Modern library  |c [s.f.] 
300 |a 544 páginas 
650 |a LITERATURA ITALIANA  |9 212 
650 |a BIOGRAFÍA 
650 |a ARTISTA ITALIANO 
650 |a ARTISTA RENACENTISTA 
942 |c SALA  |h 850 A-2L  |2 z